| 000 | 00751nam a22002657a 4500 | ||
|---|---|---|---|
| 003 | CHAP | ||
| 005 | 20220329135702.0 | ||
| 008 | 971013s1992 r 00010 d | ||
| 010 | _a40551 | ||
| 011 | _a41523 | ||
| 035 | _a45649 | ||
| 040 | _cCHAP | ||
| 082 |
_a631.542 _bJ6Y |
||
| 100 | 0 | 0 |
_aJoyce, David. _962242 |
| 245 | _aPoda y desarrollo de las plantas | ||
| 260 |
_aBarcelona : _bBlume, _c1992 |
||
| 300 |
_a223 p. _b: ilus. |
||
| 590 |
_aBATCH-UPD _b10 _c20130110 _lUCH01 _h1123 |
||
| 590 |
_aCONVERSION _b10 _c20130109 _lUCH01 _h1322 |
||
| 650 | 1 | 4 |
_aPlantas _xCrecimiento _xAditivos. _988804 |
| 650 | 1 | 4 |
_aPoda. _989467 |
| 901 | _aBK | ||
| 942 | _cLIBRO | ||
| 949 |
_a631.542 J6Y _bBC _cC _d33724000647301 _eC _gI.174697 _h88581 _i45649 _si _t159.82 |
||
| 999 |
_c40551 _d40551 |
||